Patrimonio neto: una revisión del concepto y sus componentes (Registro nro. 10167)
[ vista simple ]
| 000 -LEADER | |
|---|---|
| fixed length control field | 00489 a2200157 4500 |
| 001 - CONTROL NUMBER | |
| control field | ART_44004 |
| 005 - DATE AND TIME OF LATEST TRANSACTION | |
| control field | 20260410161606.0 |
| 008 - FIXED-LENGTH DATA ELEMENTS--GENERAL INFORMATION | |
| fixed length control field | 260409a |
| 100 1# - MAIN ENTRY--PERSONAL NAME | |
| Personal name | Quadro, Martín E. |
| 245 10 - TITLE STATEMENT | |
| Title | Patrimonio neto: una revisión del concepto y sus componentes |
| 700 1# - ADDED ENTRY--PERSONAL NAME | |
| Personal name | Werbin, Eliana M. |
| 700 1# - ADDED ENTRY--PERSONAL NAME | |
| Personal name | Priotto, Hugo C. |
| 700 1# - ADDED ENTRY--PERSONAL NAME | |
| Personal name | Bertoldi, Norma |
| 700 1# - ADDED ENTRY--PERSONAL NAME | |
| Personal name | Veteri, Liliana J. |
| 773 0# - HOST ITEM ENTRY | |
| Title | Profesional & Empresaria |
| Related parts | - Año XVIII, Nº 214 (jul. 2017) |
| Record control number | REV70 |
No hay ítems disponibles.